000 00297nam a22001337a 4500
008 221004b ||||| |||| 00| 0 eng d
041 _aeng
080 _2Sixth edition
_a159.9
082 _a159.9
100 _a24.1
101 _aPSI
245 _aPHYSICAL DIAGNOSIS
_cMAJOR R
942 _2udc
_cBK
999 _c58333
_d58333